| 000 | 00361nam a2200133 i 4500 | ||
|---|---|---|---|
| 001 | bg | ||
| 100 | 1 | _aŚledziewski, Eugeniusz | |
| 245 | 0 |
_aBudownictwo stalowe w Polsce do końca drugiej wojny światowej / _cEugeniusz Śledziewski. |
|
| 260 |
_aGliwice, _c1979. |
||
| 040 | _cBPK | ||
| 041 | _apol | ||
| 942 | _cKS | ||
| 008 | s pl f |000 0 pol | ||
| 999 |
_c19485 _d19485 |
||
| 856 |
_uhttp://koha.tu.koszalin.pl/cgi-bin/koha/opac-detail.pl?biblionumber=19485 _yKatalog online BPK |
||